<?xml version="1.0" encoding="UTF-8"?>
<record
    xmlns:xsi="http://www.w3.org/2001/XMLSchema-instance"
    xsi:schemaLocation="http://www.loc.gov/MARC21/slim http://www.loc.gov/standards/marcxml/schema/MARC21slim.xsd"
    xmlns="http://www.loc.gov/MARC21/slim">

  <leader>02094nam a22001577a 4500</leader>
  <datafield tag="999" ind1=" " ind2=" ">
    <subfield code="c">524723</subfield>
    <subfield code="d">524723</subfield>
  </datafield>
  <controlfield tag="008">240115b           ||||| |||| 00| 0 eng d</controlfield>
  <datafield tag="100" ind1=" " ind2=" ">
    <subfield code="a">Ranjan, Radha and Gulati, Jivantika </subfield>
    <subfield code="9">48020</subfield>
  </datafield>
  <datafield tag="245" ind1=" " ind2=" ">
    <subfield code="a">The sexual harassment against women in cyber space: Concept, reality and the law </subfield>
  </datafield>
  <datafield tag="260" ind1=" " ind2=" ">
    <subfield code="a">Kashmir Journal of Legal Studies </subfield>
  </datafield>
  <datafield tag="300" ind1=" " ind2=" ">
    <subfield code="a">10(1), Jul, 2023: p.79-90</subfield>
  </datafield>
  <datafield tag="520" ind1=" " ind2=" ">
    <subfield code="a">India in the last two decades has seen a magnificent technological growth especially after the advent of the Internet. There is higher dependency of the people towards the cyber world for completion of day-to-day tasks. However, every aspect has its negative side as well, which is the sexual cybercrime particularly referring to the women. In the era of cyber socialisation, there are plethora of sexual cybercrimes committed against women i.e., cyberstalking, revenge porn, cyber defamation, morphing, etc. The cyber criminals adopt new modes and mechanisms to attack the victims as computers and laptops have become an essence of an individual&#x2019;s life thereby making women an easy target. However, to prevent this, the role of the Information Technology Act, 2000 comes into play. But the question arises, till what extent this law is sufficient to curb the menace of sexual crimes against women in the cyberspace. There are various reasons of growth of such crimes such as fear of reputation and hesitation to report the incident (sociological reason), lacunas within the IT Act,2000, non-implementation of laws (legal reason), improper technology to track the cybercriminals due to her anonymity (technical reason). The researchers also seek to analyse the technological and legal gap to protect the rights of women. It is an emerging area of criminality which needs to be addressed, analysed, and solved.- Reproduced 
http://kashmirjournaloflegalstudies.edu.in//Files/00000000-0000-0000-0000-000000000000/Journal/d51c4f88-b481-4e09-8ecf-05057a46ed5d.pdf
</subfield>
  </datafield>
  <datafield tag="650" ind1=" " ind2=" ">
    <subfield code="a">Sexual harassment , Women , Cyber space</subfield>
    <subfield code="9">48021</subfield>
  </datafield>
  <datafield tag="773" ind1=" " ind2=" ">
    <subfield code="a">Kashmir Journal of Legal Studies </subfield>
  </datafield>
  <datafield tag="906" ind1=" " ind2=" ">
    <subfield code="a">WOMEN</subfield>
  </datafield>
  <datafield tag="942" ind1=" " ind2=" ">
    <subfield code="c">AR</subfield>
  </datafield>
  <datafield tag="952" ind1=" " ind2=" ">
    <subfield code="0">0</subfield>
    <subfield code="1">0</subfield>
    <subfield code="2">ddc</subfield>
    <subfield code="4">0</subfield>
    <subfield code="7">0</subfield>
    <subfield code="9">399771</subfield>
    <subfield code="a">IIPA</subfield>
    <subfield code="b">IIPA</subfield>
    <subfield code="d">2024-01-15</subfield>
    <subfield code="h">10(1), Jul, 2023: p.79-90</subfield>
    <subfield code="p">AR130535</subfield>
    <subfield code="r">2024-01-15</subfield>
    <subfield code="y">AR</subfield>
  </datafield>
</record>
